00671nam a2200157Ia 4500008004100000020001800041100002100059245013900080260003200219300001500251500005100266650005900317650001400376999001900390952010400409190813s9999 xx 000 0 und d a9781138677661 aWright, Lisette. cLisette Wright, S.M. Tobias, Angela Hickman.--aCoding and documentation for the ICD and DSM :ba comprehensive guide for clinicians / aNew York :bRoutledgec2017 a199 pages. aIncluded bibliographical references and index. aDiagnostic and statistical manual of mental disorders. aNosology. c362045d362045 001040aCLbCLcRESd2019-08-13l0oRB 115 .L769 2017pC21830r2019-08-13 00:00:00w2019-08-13yBK